000 00912nas a2200277Ia 4500
001 A08/R093-15724 [r000014030]
003 IT-MiCISF
008 161014c99999999xx |||||||||||| ||und||
040 _aIT-MiCISF
_cIT-MiCISF
041 _aFRANCESE
100 _aSonet Denis
210 _aAmour et famille
222 _aAmour et famille
240 _aLe divorce
245 0 _aLe divorce
250 _a1a ed.
260 _c1995
501 _bCISF - Centro Internazionale Studi Famiglia - Via Giotto, 36 20145 MILANO (non commercial uses only)
_cCopyright 2016
300 _app. 1-26
362 _an. 209, gennaio-febbraio [1995]
500 _aVernay Jacques, Fraysse Anne, Selleron-Porcedda Annie, Sand Françoise Tema: divorzio, coppia-in-crisi, nuove-nozze, nullità, genitorialità
650 _aFAMIGLIA - divorzio
_vdossier
700 _aAA.VV.
942 _cCR
957 _71
999 _a15724
_bSi
_g1
_c234679
_d234679